000 00486nam a2200181Ia 4500
005 20250326125150.0
008 250326s9999 xx 000 0 und d
037 _aTextbook
040 _aFMSL
_beng
_cFMSL
041 _aeng
_2eng
084 _aX:97 K4
_qFMSL
100 _aFlanders A
245 0 _aFawley productivity agreements
_cFlanders A
260 _aLondon
_bLondon, Faber And Faber
_c1964
300 _a360p
942 _cTB
_hX:97 K4
999 _c1276824
_d1276824